Learning Resource and Development

Clifford's animal sounds / (Record no. 22800)

MARC details
000 -LEADER
fixed length control field 01247cam a2200349 a 4500
001 - CONTROL NUMBER
control field cliffordsanimals00brid
003 - CONTROL NUMBER IDENTIFIER
control field CaSfIA
005 - DATE AND TIME OF LATEST TRANSACTION
control field 20230525155139.0
007 - PHYSICAL DESCRIPTION FIXED FIELD--GENERAL INFORMATION
fixed length control field cr||||
008 - FIXED-LENGTH DATA ELEMENTS--GENERAL INFORMATION
fixed length control field 910129s1991 nyua j 000 0 eng
010 ## - LIBRARY OF CONGRESS CONTROL NUMBER
LC control number 91007725
040 ## - CATALOGING SOURCE
Original cataloging agency DLC
Transcribing agency DLC
Modifying agency XY4
-- BAKER
-- BTCTA
-- YDXCP
-- SINLB
-- CaSfIA
020 ## - INTERNATIONAL STANDARD BOOK NUMBER
International Standard Book Number 0590447343 :
Terms of availability $3.95
020 ## - INTERNATIONAL STANDARD BOOK NUMBER
International Standard Book Number 9780590447348
035 ## - SYSTEM CONTROL NUMBER
System control number (OCoLC)23143888
042 ## - AUTHENTICATION CODE
Authentication code lcac
050 00 - LIBRARY OF CONGRESS CALL NUMBER
Classification number QL765
Item number .B75 1991
082 00 - DEWEY DECIMAL CLASSIFICATION NUMBER
Classification number 599.059
Edition number 20
082 14 - DEWEY DECIMAL CLASSIFICATION NUMBER
Classification number 591.59
Edition number 13
029 1# - OTHER SYSTEM CONTROL NUMBER (OCLC)
OCLC library identifier YDXCP
System control number 503592
029 1# - OTHER SYSTEM CONTROL NUMBER (OCLC)
OCLC library identifier NZ1
System control number 2886303
029 1# - OTHER SYSTEM CONTROL NUMBER (OCLC)
OCLC library identifier AU@
System control number 000026275005
100 1# - MAIN ENTRY--PERSONAL NAME
Personal name Bridwell, Norman.
245 10 - TITLE STATEMENT
Title Clifford's animal sounds /
Medium [electronic resource]
Statement of responsibility, etc. Norman Bridwell.
260 ## - PUBLICATION, DISTRIBUTION, ETC.
Place of publication, distribution, etc. New York :
Name of publisher, distributor, etc. Scholastic,
Date of publication, distribution, etc. c1991.
300 ## - PHYSICAL DESCRIPTION
Extent v. 1 (unpaged) :
Other physical details col. ill. ;
Dimensions 14 cm.
520 ## - SUMMARY, ETC.
Summary, etc. Clifford the small red puppy meets a variety of animals and discovers what kinds of sounds they make.
650 #0 - SUBJECT ADDED ENTRY--TOPICAL TERM
Topical term or geographic name entry element Animal sounds
General subdivision Juvenile literature.
650 #1 - SUBJECT ADDED ENTRY--TOPICAL TERM
Topical term or geographic name entry element Animal sounds.
856 41 - ELECTRONIC LOCATION AND ACCESS
Uniform Resource Identifier <a href="http://www.archive.org/details/cliffordsanimals00brid">http://www.archive.org/details/cliffordsanimals00brid</a>
Public note Free eBook from the Internet Archive
856 42 - ELECTRONIC LOCATION AND ACCESS
Uniform Resource Identifier <a href="http://www.openlibrary.org/books/OL2030343M">http://www.openlibrary.org/books/OL2030343M</a>
Public note Additional information and access via Open Library
Holdings
Withdrawn status Lost status Damaged status Not for loan Collection Home library Current library Date acquired Total Checkouts Full call number Date last seen Price effective from Koha item type
        Project Gutenberg Main Library Main Library 05/25/2023   QL765 .B75 1991 05/25/2023 05/25/2023 EBooks